01398nam a22003617a 4500003000500000005001700005008004100022010001000063011001000073035001000083040000900093090001000102100004400112245010200156260004000258300001000298502009700308590003700405590004100442590004100483590004100524590004100565590004100606590004200647650005100689650003500740650005600775901000700831942001000838949004300848999001700891952012800908CHAP20220817042343.0971013s1985 r 00010 d a41857 a42829 a46959 cCHAP aTesis00aEscamilla García, Angel Fidel.937434 aDiseño de un sistema de información administrativa para un corral de engorda de ganado bovino aMonterrey, N. L. :bEl autor,c1985 a55 h. aTesis (Ing. Agr. Administrador) -- ITESM. División de Ciencias Agropecuarias y Marítimas aALEPHb10c20130110lUCH01h1311 aBATCH-UPDb10c20130109lUCH01h2348 aBATCH-UPDb10c20130110lUCH01h1301 aBATCH-UPDb10c20130409lUCH01h1918 aBATCH-UPDb10c20130410lUCH01h0819 aBATCH-UPDb10c20130914lUCH01h1458 aCONVERSIONb10c20130109lUCH01h132314aGanaderíaxSistemas de información.94484814aGanado vacunoxEngorda.94546114aProcesamiento automático de datos en ganadería. aBK cTESIS bBCcTESd-106910eTS1h17861i46959si c41857d41857 00102local4051708TESISaBCbBCcPA_TESISd2019-12-31fTESISl0oTesisp-106910r2019-12-31 00:00:00w2019-12-31yTESIS